[Event "BEL-ch op"]
[Site "Antwerp"]
[Date "2013.07.08"]
[Round "3"]
[White "Schaeken, Yordi"]
[Black "Van der Stricht, Jan"]
[Result "0-1"]
[WhiteElo "2141"]
[BlackElo "1890"]
[PlyCount "80"]
[EventDate "2013.07.06"]
[EventType "swiss"]
[EventRounds "9"]
[EventCountry "BEL"]
[SourceTitle "CBM 155 Extra"]
[Source "ChessBase"]
[SourceDate "2013.08.26"]
[SourceVersion "1"]
[SourceVersionDate "2013.08.26"]
[SourceQuality "1"]

1. e4 d6 2. d4 g6 3. Nf3 Bg7 4. h3 e5 5. Bc4 Nc6 6. Bg5 Nge7 7. dxe5 Nxe5 8. Nxe5 Bxe5 9. Nc3 c6 10. Qf3 0-0 11. Bh6 Bg7 12. Bxg7 Kxg7 13. 0-0-0 b5 14. Bb3 a5 15. a4 Be6 16. Qg3 Nc8 17. Bxe6 fxe6 18. axb5 a4 19. Nb1 cxb5 20. Qc3+ Kg8 21. Rd2 Qb6 22. f3 b4 23. Qd4 a3 24. bxa3 bxa3 25. Nxa3 Rxa3 26. Rhd1 Qxd4 27. Rxd4 Ra1+ 28. Kb2 Rxd1 29. Rxd1 Nb6 30. Kc3 d5 31. Kd4 Kf7 32. Kc5 Nd7+ 33. Kd6 Nf6 34. exd5 Rd8+ 35. Kc6 Nxd5 36. Rb1 Rc8+ 37. Kd6 Rxc2 38. Rb7+ Kf6 39. g4 h6 40. Rh7 Nf4 0-1

[Event "Maastricht Limburg op-A 7th"]
[Site "Maastricht"]
[Date "2013.05.18"]
[Round "3"]
[White "Bus, Tom"]
[Black "Schaeken, Yordi"]
[Result "1/2-1/2"]
[WhiteElo "2107"]
[BlackElo "2129"]
[PlyCount "39"]
[EventDate "2013.05.17"]
[EventType "swiss"]
[EventRounds "7"]
[EventCountry "NED"]
[SourceTitle "EXT 2014"]
[Source "ChessBase"]
[SourceDate "2013.11.20"]
[SourceVersion "1"]
[SourceVersionDate "2013.11.20"]
[SourceQuality "1"]

1. c4 e5 2. g3 Nc6 3. Nc3 g6 4. Bg2 d6 5. d3 Bg7 6. e4 Be6 7. Nge2 Qd7 8. Nd5 Nd8 9. d4 c6 10. Ne3 Bh3 11. Bxh3 Qxh3 12. d5 c5 13. Nc3 Qd7 14. 0-0 Ne7 15. a4 0-0 16. a5 f5 17. f3 f4 18. Ng4 g5 19. gxf4 exf4 20. e5 1/2-1/2

[Event "BEL-ch U20"]
[Site "Blankenberge"]
[Date "2013.04.13"]
[Round "8"]
[White "Lenaerts, Lennert"]
[Black "Schaeken, Yordi"]
[Result "0-1"]
[WhiteElo "2130"]
[BlackElo "2133"]
[PlyCount "68"]
[EventDate "2013.04.07"]
[EventType "tourn"]
[EventRounds "9"]
[EventCountry "BEL"]
[SourceTitle "CBM 154 Extra"]
[Source "ChessBase"]
[SourceDate "2013.06.25"]
[SourceVersion "2"]
[SourceVersionDate "2013.06.25"]
[SourceQuality "1"]

1. d4 d5 2. c4 e6 3. Nc3 Nf6 4. e3 c6 5. Bd3 Nbd7 6. Nf3 dxc4 7. Bxc4 b5 8. Bd3 Bb7 9. a3 a6 10. b4 a5 11. Rb1 Bd6 12. 0-0 Qe7 13. Bd2 axb4 14. axb4 0-0 15. e4 e5 16. Re1 exd4 17. Ne2 Ra3 18. Rb3 Rxb3 19. Qxb3 c5 20. Bxb5 Bxe4 21. Ng5 h6 22. Nxe4 Nxe4 23. bxc5 Ndxc5 24. Qc2 d3 25. Bxd3 Bxh2+ 26. Kxh2 Qh4+ 27. Kg1 Qxf2+ 28. Kh2 Nxd2 29. Qxd2 Nxd3 30. Rd1 Ne5 31. Nd4 Qh4+ 32. Kg1 Rd8 33. Qf2 Qxf2+ 34. Kxf2 Nc6 0-1

[Event "BEL-ch U20"]
[Site "Blankenberge"]
[Date "2013.04.09"]
[Round "4"]
[White "Capone, Nicola"]
[Black "Schaeken, Yordi"]
[Result "1/2-1/2"]
[WhiteElo "2118"]
[BlackElo "2133"]
[PlyCount "90"]
[EventDate "2013.04.07"]
[EventType "tourn"]
[EventRounds "9"]
[EventCountry "BEL"]
[SourceTitle "CBM 154 Extra"]
[Source "ChessBase"]
[SourceDate "2013.06.25"]
[SourceVersion "2"]
[SourceVersionDate "2013.06.25"]
[SourceQuality "1"]

1. e4 e6 2. d4 d5 3. Nd2 Nf6 4. e5 Nfd7 5. f4 c5 6. c3 cxd4 7. cxd4 Nc6 8. Ndf3 Be7 9. Bd3 f5 10. a3 a5 11. b3 Nb6 12. Ne2 Bd7 13. 0-0 0-0 14. Nc3 Be8 15. Be3 Rc8 16. Na4 Nxa4 17. bxa4 Na7 18. Qb3 Bc6 19. Bd2 Qd7 20. Bxa5 Bxa4 21. Qb2 Rc6 22. Rab1 b5 23. Nd2 Rfc8 24. Rfc1 Rxc1+ 25. Rxc1 Rxc1+ 26. Qxc1 Qc6 27. Qb2 Nc8 28. Bb4 Bd8 29. Kf2 Nb6 30. Qc3 Qxc3 31. Bxc3 Be7 32. Bb4 Bxb4 33. axb4 Nc8 34. Nb1 Na7 35. Nc3 Kf7 36. Ke3 Ke7 37. Kd2 Kd8 38. Ne2 Bb3 39. Ng3 g6 40. Nh1 Bc4 41. Bc2 Nc6 42. Kc3 Ke7 43. Nf2 h6 44. g4 Kf7 45. g5 h5 1/2-1/2

[Event "Brasschaat op 10th"]
[Site "Brasschaat"]
[Date "2010.08.18"]
[Round "5"]
[White "Decleir, Walter"]
[Black "Schaeken, Yordi"]
[Result "0-1"]
[WhiteElo "1867"]
[BlackElo "2105"]
[PlyCount "60"]
[EventDate "2010.08.14"]
[EventType "swiss"]
[EventRounds "9"]
[EventCountry "BEL"]
[SourceTitle "CBM 138 Extra"]
[Source "ChessBase"]
[SourceDate "2010.10.29"]
[SourceVersion "1"]
[SourceVersionDate "2010.10.29"]
[SourceQuality "1"]

1. d4 Nf6 2. Nc3 c5 3. d5 e5 4. e4 d6 5. Bb5+ Bd7 6. a4 a6 7. Be2 Be7 8. Nf3 0-0 9. 0-0 b6 10. Nd2 Ne8 11. Nc4 f5 12. f4 exf4 13. e5 dxe5 14. Nxe5 Bd6 15. Bxf4 g5 16. Nxd7 Nxd7 17. Bxd6 Nxd6 18. Qd3 Qf6 19. Rf2 c4 20. Qd2 Nc5 21. Rff1 Rae8 22. Rad1 b5 23. axb5 axb5 24. Nxb5 Nxb5 25. Bxc4 Nd6 26. Ba2 Ra8 27. Bb1 h6 28. c3 Rae8 29. Ba2 Nce4 30. Qd4 Rb8 0-1

[Event "Brasschaat op 10th"]
[Site "Brasschaat"]
[Date "2010.08.16"]
[Round "3"]
[White "Decrop, Benjamin"]
[Black "Schaeken, Yordi"]
[Result "1/2-1/2"]
[WhiteElo "1825"]
[BlackElo "2105"]
[PlyCount "52"]
[EventDate "2010.08.14"]
[EventType "swiss"]
[EventRounds "9"]
[EventCountry "BEL"]
[SourceTitle "CBM 138 Extra"]
[Source "ChessBase"]
[SourceDate "2010.10.29"]
[SourceVersion "1"]
[SourceVersionDate "2010.10.29"]
[SourceQuality "1"]

1. e4 c5 2. Nf3 d6 3. d4 cxd4 4. Nxd4 Nf6 5. Nc3 g6 6. Be3 Bg7 7. f3 Nc6 8. Qd2 0-0 9. Be2 d5 10. Nxd5 Nxd5 11. exd5 Qxd5 12. Nxc6 Qxc6 13. 0-0-0 Be6 14. Kb1 h5 15. Bh6 Rfd8 16. Qxd8+ Rxd8 17. Rxd8+ Kh7 18. Bxg7 Kxg7 19. Rhd1 Bxa2+ 20. Kxa2 Qe6+ 21. b3 Qxe2 22. R1d2 Qe5 23. R8d7 a6 24. h3 b6 25. R7d5 Qe3 26. R5d3 Qe5 1/2-1/2

[Event "EU-ch U16 19th"]
[Site "Fermo"]
[Date "2009.09.08"]
[Round "8"]
[White "Schaeken, Yordi"]
[Black "Kovalev, Vladislav"]
[Result "0-1"]
[WhiteElo "2078"]
[BlackElo "2307"]
[PlyCount "106"]
[EventDate "2009.08.31"]
[EventType "swiss"]
[EventRounds "9"]
[EventCountry "ITA"]
[SourceTitle "CBM 132 Extra"]
[Source "ChessBase"]
[SourceDate "2009.11.03"]
[SourceVersion "1"]
[SourceVersionDate "2009.11.03"]
[SourceQuality "1"]

1. d4 Nf6 2. Nf3 g6 3. g3 Bg7 4. Bg2 0-0 5. 0-0 c6 6. h3 d6 7. a4 a5 8. Nc3 d5 9. Re1 Ne4 10. Nxe4 dxe4 11. Ne5 f6 12. Nc4 Be6 13. b3 f5 14. c3 b5 15. axb5 cxb5 16. Ne3 b4 17. cxb4 Bxd4 18. Rxa5 Rxa5 19. bxa5 Qxa5 20. b4 Qb6 21. Qa4 Bc3 22. Rd1 Qxb4 23. Qxb4 Bxb4 24. Nd5 Bd6 25. Bh6 Rd8 26. Nf4 Bc4 27. Bf1 Kf7 28. e3 Bxf1 29. Kxf1 Nc6 30. Ke2 Bxf4 31. Bxf4 Rxd1 32. Kxd1 e5 33. Bh6 Nd8 34. h4 Ne6 35. Ke2 g5 36. hxg5 Kg6 37. Kf1 Kh5 38. Kg1 Nxg5 39. Bf8 Nf3+ 40. Kg2 Ne1+ 41. Kf1 Nd3 42. Bd6 Kg4 43. Kg2 f4 44. gxf4 exf4 45. exf4 Nxf4+ 46. Kf1 Kf3 47. Be7 h5 48. Bd8 Nd3 49. Bh4 Kg4 50. Bd8 h4 51. Kg1 h3 52. Bb6 Kf3 53. Ba7 Nxf2 0-1

[Event "Geraardsbergen op 25th"]
[Site "Geraardsbergen"]
[Date "2009.08.13"]
[Round "3"]
[White "Van der Stricht, Geert"]
[Black "Schaeken, Yordi"]
[Result "1-0"]
[WhiteElo "2390"]
[BlackElo "2078"]
[PlyCount "73"]
[EventDate "2009.08.12"]
[EventType "swiss"]
[EventRounds "9"]
[EventCountry "BEL"]
[SourceTitle "CBM 132 Extra"]
[Source "ChessBase"]
[SourceDate "2009.11.03"]
[SourceVersion "1"]
[SourceVersionDate "2009.11.03"]
[SourceQuality "1"]

1. d4 c5 2. d5 e5 3. e4 d6 4. a4 a6 5. Nd2 Nf6 6. Bd3 Nbd7 7. a5 Be7 8. Nc4 b5 9. axb6 Nxb6 10. Na5 c4 11. Nxc4 Nxc4 12. Bxc4 Nxe4 13. Qe2 f5 14. Nf3 Bf6 15. Bb5+ Kf7 16. Bc6 Rb8 17. 0-0 g5 18. Ne1 h5 19. f3 Nc5 20. Be3 Nd7 21. c3 Qc7 22. Nd3 Bb7 23. Nb4 a5 24. Bxd7 axb4 25. Be6+ Kg7 26. cxb4 Ra8 27. Rfc1 Qb8 28. b5 f4 29. Bf2 Re8 30. Qc4 Bd8 31. Rc3 Re7 32. Qd3 Rc7 33. Rb1 Bf6 34. Ra3 Rxa3 35. bxa3 e4 36. Qxe4 Rc3 37. Bd4 1-0

[Event "Geraardsbergen op 25th"]
[Site "Geraardsbergen"]
[Date "2009.08.12"]
[Round "2"]
[White "Schaeken, Yordi"]
[Black "Legemaat, Gert"]
[Result "1-0"]
[WhiteElo "2078"]
[BlackElo "2232"]
[PlyCount "75"]
[EventDate "2009.08.12"]
[EventType "swiss"]
[EventRounds "9"]
[EventCountry "BEL"]
[SourceTitle "CBM 132 Extra"]
[Source "ChessBase"]
[SourceDate "2009.11.03"]
[SourceVersion "1"]
[SourceVersionDate "2009.11.03"]
[SourceQuality "1"]

1. d4 Nf6 2. c4 e6 3. Nf3 d5 4. e3 c6 5. Nc3 Nbd7 6. Qc2 Bd6 7. g4 h6 8. Rg1 dxc4 9. Bxc4 b5 10. Bd3 Bb7 11. Bd2 a6 12. e4 e5 13. dxe5 Nxe5 14. Nxe5 Bxe5 15. f4 Bd4 16. Rg2 c5 17. g5 hxg5 18. fxg5 Nd7 19. 0-0-0 Ne5 20. Bf4 Ng6 21. Bd2 Qd6 22. Be1 Qe6 23. Nd5 Rc8 24. Kb1 Be5 25. Be2 Qc6 26. Bg4 Rd8 27. Ba5 Rb8 28. Bf5 Nf8 29. Nb6 Bd4 30. g6 fxg6 31. Rxg6 Nxg6 32. Bd7+ Qxd7 33. Nxd7 Kxd7 34. Qxc5 Bxe4+ 35. Ka1 Rh4 36. Rxd4+ Ke8 37. Rxe4+ Rxe4 38. Qc6+ 1-0

[Event "Vlissingen HZ op 13th"]
[Site "Vlissingen"]
[Date "2009.08.04"]
[Round "5"]
[White "Sarrau, Jelle"]
[Black "Schaeken, Yordi"]
[Result "1/2-1/2"]
[WhiteElo "2229"]
[BlackElo "2078"]
[PlyCount "65"]
[EventDate "2009.08.01"]
[EventType "swiss"]
[EventRounds "9"]
[EventCountry "NED"]
[SourceTitle "CBM 131 Extra"]
[Source "ChessBase"]
[SourceDate "2009.09.03"]
[SourceVersion "2"]
[SourceVersionDate "2009.09.16"]
[SourceQuality "1"]

1. e4 e5 2. Nf3 Nc6 3. Bc4 Nf6 4. d3 Be7 5. 0-0 0-0 6. Re1 d6 7. a4 h6 8. Nbd2 Re8 9. a5 a6 10. c3 Be6 11. Nf1 Bxc4 12. dxc4 Bf8 13. Qd3 Nb8 14. Ne3 g6 15. Nd5 Nbd7 16. b4 c6 17. Ne3 b6 18. Nd2 bxa5 19. Rxa5 Nc5 20. Qc2 Nb7 21. Ra4 a5 22. Bb2 axb4 23. cxb4 Qb6 24. Rea1 Rxa4 25. Rxa4 Nd8 26. Bc3 Ne6 27. Qa2 Nf4 28. Kf1 Nd3 29. h3 d5 30. exd5 cxd5 31. Ra6 Qd8 32. cxd5 Bxb4 33. Qc4 1/2-1/2

[Event "Maastricht Limburg op 3rd"]
[Site "Maastricht"]
[Date "2009.05.30"]
[Round "2"]
[White "In't Veld, Daan"]
[Black "Schaeken, Yordi"]
[Result "1/2-1/2"]
[WhiteElo "2168"]
[BlackElo "2006"]
[PlyCount "90"]
[EventDate "2009.05.29"]
[EventType "swiss"]
[EventRounds "7"]
[EventCountry "NED"]
[SourceTitle "CBM 130 Extra"]
[Source "ChessBase"]
[SourceDate "2009.07.02"]
[SourceVersion "2"]
[SourceVersionDate "2009.07.15"]
[SourceQuality "1"]

1. e4 c5 2. Nf3 d6 3. d4 cxd4 4. Nxd4 Nf6 5. Nc3 g6 6. Be3 Bg7 7. Be2 a6 8. Qd2 b5 9. Bf3 Ng4 10. Bxg4 Bxg4 11. a4 bxa4 12. Nxa4 0-0 13. 0-0 Qc7 14. Ra3 Nd7 15. Rfa1 Rfc8 16. Rc3 Qb7 17. Rb3 Qc7 18. Nc3 Nc5 19. Rba3 Qb7 20. f3 Be6 21. Rb1 Nd7 22. Na4 Bc4 23. b3 Be6 24. Rc1 Nc5 25. Nxc5 dxc5 26. Nxe6 fxe6 27. Rd1 Rd8 28. Qxd8+ Rxd8 29. Rxd8+ Kf7 30. Ra4 Qb6 31. Rd3 Bd4 32. Bxd4 cxd4 33. e5 Qc5 34. Raxd4 Qxc2 35. b4 Qe2 36. Rd1 Qxe5 37. Re4 Qb5 38. Rde1 Qd5 39. R1e2 Qd1+ 40. Kf2 Qd6 41. g3 Qb6+ 42. Kg2 Qd6 43. Rh4 Kg7 44. Rhe4 Kf7 45. Rh4 Kg7 1/2-1/2

[Event "BEL-ch U16"]
[Site "Houffalize"]
[Date "2009.04.19"]
[Round "9"]
[White "Schaeken, Yordi"]
[Black "De Ridder, Dieter"]
[Result "1/2-1/2"]
[WhiteElo "2078"]
[BlackElo "1914"]
[PlyCount "29"]
[EventDate "2009.04.13"]
[EventType "swiss"]
[EventRounds "9"]
[EventCountry "BEL"]
[SourceTitle "EXT 2012"]
[Source "ChessBase"]
[SourceDate "2011.11.24"]
[SourceVersion "1"]
[SourceVersionDate "2011.11.24"]
[SourceQuality "1"]

1. d4 Nf6 2. c4 g6 3. Nc3 d5 4. Nf3 Bg7 5. Qb3 dxc4 6. Qxc4 0-0 7. e4 Nc6 8. Be2 Nd7 9. d5 Nde5 10. Nxe5 Nxe5 11. Qb3 c5 12. Be3 b6 13. h3 e6 14. Rd1 exd5 15. Qxd5 1/2-1/2

[Event "BEL-ch op"]
[Site "Eupen"]
[Date "2008.07.11"]
[Round "7"]
[White "Plumanns, Dieter"]
[Black "Schaeken, Yordi"]
[Result "0-1"]
[WhiteElo "2166"]
[BlackElo "1916"]
[PlyCount "76"]
[EventDate "2008.07.05"]
[EventType "swiss"]
[EventRounds "9"]
[EventCountry "BEL"]
[SourceTitle "EXT 2019"]
[Source "ChessBase"]
[SourceDate "2018.10.10"]
[SourceVersion "1"]
[SourceVersionDate "2018.10.10"]
[SourceQuality "1"]

1. d4 c5 2. c3 e6 3. e4 d5 4. exd5 Qxd5 5. Nf3 Nf6 6. Bb5+ Bd7 7. Bxd7+ Nbxd7 8. 0-0 Bd6 9. Be3 0-0 10. Nbd2 cxd4 11. Bxd4 b5 12. a4 a6 13. b3 Qh5 14. Re1 Rfe8 15. Nf1 Rad8 16. axb5 axb5 17. Ra2 Nc5 18. Qc2 Ncd7 19. Ra6 Bb8 20. c4 bxc4 21. bxc4 e5 22. Bc3 e4 23. Ra5 Nc5 24. N3d2 Ng4 25. g3 f5 26. Rxc5 Ba7 27. Nb3 Bxc5 28. Nxc5 Rc8 29. Bd4 Qf7 30. h3 Ne5 31. Rc1 Nf3+ 32. Kg2 Nxd4 33. Qb2 Rxc5 34. Qxd4 Rec8 35. Ne3 f4 36. gxf4 Qxf4 37. Nd5 Qg5+ 38. Kh2 Rxd5 0-1

[Event "BEL-ch op"]
[Site "Eupen"]
[Date "2008.07.09"]
[Round "5"]
[White "Schaeken, Yordi"]
[Black "Barbier, Wim"]
[Result "1/2-1/2"]
[WhiteElo "1916"]
[BlackElo "2198"]
[PlyCount "99"]
[EventDate "2008.07.05"]
[EventType "swiss"]
[EventRounds "9"]
[EventCountry "BEL"]
[SourceTitle "EXT 2019"]
[Source "ChessBase"]
[SourceDate "2018.10.10"]
[SourceVersion "1"]
[SourceVersionDate "2018.10.10"]
[SourceQuality "1"]

1. e4 c5 2. Nc3 g6 3. Nf3 Bg7 4. d4 cxd4 5. Nxd4 Nc6 6. Be3 Nf6 7. f3 0-0 8. Bc4 Qb6 9. Qd2 Nxe4 10. fxe4 Bxd4 11. Bxd4 Qxd4 12. Qxd4 Nxd4 13. 0-0-0 Nc6 14. h4 h6 15. Nd5 a6 16. Nb6 Rb8 17. Nxd7 Bxd7 18. Rxd7 Ne5 19. Rc7 Rfc8 20. Rxc8+ Rxc8 21. Be2 Kg7 22. Rd1 g5 23. hxg5 hxg5 24. Rd5 Kf6 25. Kd2 Rh8 26. Ke3 Rh2 27. Kf2 Rh8 28. Ke3 Rc8 29. Kd2 Rc7 30. b3 e6 31. Rd8 Nc6 32. Rh8 Ke5 33. Bd3 Kf4 34. Rh3 g4 35. Re3 Ne5 36. g3+ Kg5 37. Be2 Rc8 38. Rc3 Rxc3 39. Kxc3 Nd7 40. Kd4 Nf6 41. Ke3 Nh5 42. Kf2 f5 43. exf5 exf5 44. c4 f4 45. gxf4+ Kxf4 46. c5 Nf6 47. c6 bxc6 48. Bxa6 Ne4+ 49. Kg2 c5 50. Bb7 1/2-1/2

[Event "Maastricht Limburg op"]
[Site "Maastricht"]
[Date "2008.05.12"]
[Round "7"]
[White "Goudriaan, Etienne"]
[Black "Schaeken, Yordi"]
[Result "1/2-1/2"]
[WhiteElo "2117"]
[BlackElo "1916"]
[PlyCount "53"]
[EventDate "2008.05.09"]
[EventType "swiss"]
[EventRounds "7"]
[EventCountry "NED"]
[SourceTitle "EXT 2009"]
[Source "ChessBase"]
[SourceDate "2008.11.26"]
[SourceVersion "1"]
[SourceVersionDate "2008.11.26"]
[SourceQuality "1"]

1. d4 c5 2. d5 e6 3. c4 exd5 4. cxd5 d6 5. Bd2 Be7 6. Bc3 Bf6 7. e4 a6 8. a4 Nd7 9. f4 Ne7 10. Bd3 Ng6 11. Qf3 0-0 12. Ne2 Rb8 13. a5 b5 14. axb6 Qxb6 15. Ra2 Qb3 16. Nc1 Qb6 17. Nd2 Bxc3 18. bxc3 Re8 19. Nc4 Qc7 20. 0-0 Nf6 21. h3 Bd7 22. Rxa6 Bb5 23. Nxd6 Bxa6 24. Nxe8 Rxe8 25. Bxa6 Rxe4 26. Ne2 c4 27. Kh1 1/2-1/2

[Event "BEL-ch U16"]
[Site "Ostend"]
[Date "2008.04.06"]
[Round "9"]
[White "Degrande, Marigje"]
[Black "Schaeken, Yordi"]
[Result "0-1"]
[WhiteElo "1813"]
[BlackElo "1916"]
[PlyCount "88"]
[EventDate "2008.03.31"]
[EventType "swiss"]
[EventRounds "9"]
[EventCountry "BEL"]
[SourceTitle "EXT 2019"]
[Source "ChessBase"]
[SourceDate "2018.10.10"]
[SourceVersion "1"]
[SourceVersionDate "2018.10.10"]
[SourceQuality "1"]

1. f4 g6 2. e3 Bg7 3. Nf3 c5 4. Nc3 Nf6 5. Be2 0-0 6. 0-0 d5 7. Qe1 Nc6 8. a3 d4 9. Nd1 dxe3 10. dxe3 Bf5 11. Nf2 Qb6 12. Bd3 Bxd3 13. cxd3 Nd5 14. e4 Nc7 15. Kh1 Nb5 16. Ng4 Rad8 17. f5 Ncd4 18. Nh6+ Kh8 19. Qh4 gxf5 20. Nxf7+ Rxf7 21. Ng5 Kg8 22. Qxh7+ Kf8 23. Nxf7 Kxf7 24. Qh5+ Qg6 25. Qxg6+ Kxg6 26. exf5+ Nxf5 27. g4 Nfd4 28. h4 Nb3 29. h5+ Kh7 30. Rb1 Rxd3 31. Bf4 e5 32. Bh2 Rd4 33. Rg1 Nd2 34. Rbc1 Nf3 35. Rg2 Nxh2 36. Kxh2 b6 37. Rf1 e4 38. Rf7 Kg8 39. Re7 Kf8 40. Rb7 Be5+ 41. Kh3 e3 42. Re2 Rd2 43. Rxd2 exd2 44. Rd7 Nd4 0-1

[Event "BEL-ch U16"]
[Site "Ostend"]
[Date "2008.04.04"]
[Round "7"]
[White "Larmuseau, Michiel"]
[Black "Schaeken, Yordi"]
[Result "1-0"]
[WhiteElo "1933"]
[BlackElo "1916"]
[PlyCount "77"]
[EventDate "2008.03.31"]
[EventType "swiss"]
[EventRounds "9"]
[EventCountry "BEL"]
[SourceTitle "EXT 2019"]
[Source "ChessBase"]
[SourceDate "2018.10.10"]
[SourceVersion "1"]
[SourceVersionDate "2018.10.10"]
[SourceQuality "1"]

1. e4 c5 2. Nc3 Nc6 3. Bb5 Nd4 4. Bc4 g6 5. Nf3 Bg7 6. Nxd4 cxd4 7. Qf3 e6 8. Nb5 d6 9. Qa3 Bf8 10. Nxd4 Bd7 11. Qb3 Rb8 12. Bb5 Bg7 13. Bxd7+ Qxd7 14. Nf3 Ne7 15. 0-0 0-0 16. d4 Rfc8 17. c3 b5 18. Bd2 a5 19. Rac1 Nc6 20. Qd1 b4 21. Qa4 Rc7 22. Qd1 Rcb7 23. Rb1 Ra8 24. Be3 d5 25. Qd3 a4 26. Rfc1 h6 27. exd5 exd5 28. c4 Rd8 29. c5 b3 30. a3 f5 31. Bf4 g5 32. Bd6 g4 33. Ne5 Bxe5 34. dxe5 Qe6 35. Qa6 Qd7 36. Qxa4 Nxe5 37. Qxd7 Nxd7 38. c6 Rb6 39. Bc7 1-0

[Event "BEL-ch U16"]
[Site "Ostend"]
[Date "2008.04.03"]
[Round "6"]
[White "Goossens, Hanne"]
[Black "Schaeken, Yordi"]
[Result "1/2-1/2"]
[WhiteElo "1895"]
[BlackElo "1916"]
[PlyCount "77"]
[EventDate "2008.03.31"]
[EventType "swiss"]
[EventRounds "9"]
[EventCountry "BEL"]
[SourceTitle "EXT 2019"]
[Source "ChessBase"]
[SourceDate "2018.10.10"]
[SourceVersion "1"]
[SourceVersionDate "2018.10.10"]
[SourceQuality "1"]

1. e4 c5 2. Nf3 Nc6 3. d4 cxd4 4. Nxd4 Nf6 5. Nc3 e5 6. Ndb5 d6 7. Bg5 a6 8. Na3 b5 9. Bxf6 gxf6 10. Nd5 f5 11. Bd3 Be6 12. Qh5 Rc8 13. c3 Bg7 14. 0-0 f4 15. Nc2 0-0 16. a4 f5 17. axb5 axb5 18. Rfd1 Bf7 19. Qe2 f3 20. Qe3 fxg2 21. Bxb5 fxe4 22. Qxe4 Bg6 23. Qe2 Bxc2 24. Qxc2 Nd4 25. Rxd4 exd4 26. Qe4 Rf7 27. Bd3 Bf8 28. Qg4+ Rg7 29. Qxd4 Be7 30. Ra7 Bf8 31. Nf6+ Kh8 32. Nh5 Qg5 33. Nxg7 Bxg7 34. Qe4 Qc1+ 35. Kxg2 Qg5+ 36. Kh1 Qc1+ 37. Kg2 Qg5+ 38. Kf1 Qc1+ 39. Kg2 1/2-1/2